| 000 | 00751nam a2200217 a 4500 | ||
|---|---|---|---|
| 001 | 000036210 | ||
| 005 | 20200930074947.0 | ||
| 008 | 120111s1986 sp d 001 0 spa d | ||
| 040 |
_aDO-SdBNP _bspa _cBNPHU |
||
| 082 |
_axxxx _bM359m, 1986 |
||
| 100 | 1 |
_aMarriner, Ann _962274 |
|
| 240 | 1 | 0 |
_aGuide to Nursing Management _lInglés |
| 245 | 1 | 0 |
_aManual para administración de enfermeria / _cAnn Marriner; traducción Samuel Ramírez Marroquín. |
| 250 | _a2a ed. | ||
| 260 |
_aMadrid : _bInteramericana McGraw-Hill, _c1986. |
||
| 300 |
_a344 p. : _bgráf. ; _c23 cm. |
||
| 500 | _aIncluye índice alfabético | ||
| 500 | _a1a reimpresión de la 2a ed. | ||
| 504 | _aBibliografía : p. 314-327 | ||
| 700 | 1 | 2 |
_aRamírez Marroquín, Samuel, _etr. _962275 |
| 999 |
_c35701 _d35701 |
||